<?xml version="1.0" encoding="UTF-8"?>
<collection xmlns="http://www.loc.gov/MARC21/slim">
 <record>
  <leader>00662nam a2200217   4500</leader>
  <controlfield tag="001">000007533</controlfield>
  <controlfield tag="003">3696</controlfield>
  <controlfield tag="005">20150812140810.0</controlfield>
  <controlfield tag="008">111005s                               sd</controlfield>
  <datafield tag="082" ind1="1" ind2=" ">
   <subfield code="a">324.25970755</subfield>
   <subfield code="b">Nhi</subfield>
  </datafield>
  <datafield tag="245" ind1="0" ind2="0">
   <subfield code="a">Nhìn lại quá trình đổi mới tư duy lý luận của Đảng 1986-2005</subfield>
  </datafield>
  <datafield tag="774" ind1=" " ind2=" ">
   <subfield code="d">H.</subfield>
   <subfield code="d">Lý luận Chính trị</subfield>
   <subfield code="d">2005</subfield>
   <subfield code="g">T.1</subfield>
   <subfield code="h">447 tr.</subfield>
   <subfield code="w">3698</subfield>
  </datafield>
  <datafield tag="774" ind1=" " ind2=" ">
   <subfield code="d">H.</subfield>
   <subfield code="d">Lý luận Chính trị</subfield>
   <subfield code="d">2005</subfield>
   <subfield code="g">T.2</subfield>
   <subfield code="h">549 tr.</subfield>
   <subfield code="w">3700</subfield>
  </datafield>
  <datafield tag="OWN" ind1=" " ind2=" ">
   <subfield code="a">LSP</subfield>
  </datafield>
  <datafield tag="999" ind1=" " ind2=" ">
   <subfield code="a">From the UDN01</subfield>
  </datafield>
  <datafield tag="TYP" ind1=" " ind2=" ">
   <subfield code="a">Monograph</subfield>
  </datafield>
  <datafield tag="TYP" ind1=" " ind2=" ">
   <subfield code="a">Printed language</subfield>
  </datafield>
  <datafield tag="980" ind1=" " ind2=" ">
   <subfield code="a">Mạng thư viện Đại học Đà Nẵng</subfield>
  </datafield>
 </record>
</collection>
